The Man Who Sold the World (Nirvana) - Lyrics Quiz - Statistics

General Stats
  • This quiz has been taken 354 times
    349 since last reset
  • The average score is 54 of 77
Answer Stats
Lyrics % Correct
the
98%
I
96%
man
96%
sold
96%
who
96%
Who
96%
world
96%
a
95%
A
95%
me
91%
no,
91%
to
91%
not
90%
Not
90%
We
90%
never
89%
you
88%
With
86%
face
85%
lost
85%
control
84%
and
82%
And
82%
his
81%
Oh
80%
ago
79%
He
79%
time
79%
long,
78%
long
78%
was
77%
alone
75%
died
75%
You're
73%
said
70%
as
69%
friend
69%
came
68%
knows?
68%
passed
68%
spoke
68%
thought
68%
surprise
67%
upon
67%
eyes
66%
into
66%
stairs
63%
when
63%
hand
62%
of
60%
shook
60%
there
60%
years
59%
years,
59%
way
58%
Which
58%
have
57%
my
57%
wasn't
56%
for
55%
For
55%
home
54%
back
53%
made
53%
Although
52%
must
52%
laughed
51%
gazed
50%
million
50%
stare
50%
roamed
49%
searched
48%
land
47%
gazeless
41%
walked
35%
form
30%
hills
26%
No matching quizzes found
Score Distribution
Percent of People with Each Score
Percentile by Number Answered
Your Score History
You have not taken this quiz since the last reset